Curso de finanzas, derecho financiero y tributario (Registro nro. 1826)

Detalles MARC
000 -LEADER
fixed length control field 01905 a2200205 4500
001 - CONTROL NUMBER
control field 29274
005 - DATE AND TIME OF LATEST TRANSACTION
control field 20260407155601.0
008 - FIXED-LENGTH DATA ELEMENTS--GENERAL INFORMATION
fixed length control field 260407a1972 arg spa d
003 - CONTROL NUMBER IDENTIFIER
control field AR-UNSa-BCEJYS
040 ## - CATALOGING SOURCE
Original cataloging agency AR-UNSa-BCEJYS
Language of cataloging spa
Transcribing agency AR-UNSa-BCEJYS
080 ## - UNIVERSAL DECIMAL CLASSIFICATION NUMBER
Universal Decimal Classification number 336.2
Common auxiliary subdivision Ingresos públicos (Derecho tributario)
041 ## - LANGUAGE CODE
Language code of text/sound track or separate title spa
100 1# - MAIN ENTRY--PERSONAL NAME
Personal name Villegas, Héctor Belisario
245 10 - TITLE STATEMENT
Title Curso de finanzas, derecho financiero y tributario
264 #1 - PRODUCTION, PUBLICATION, DISTRIBUTION, MANUFACTURE, AND COPYRIGHT NOTICE
Place of production, publication, distribution, manufacture Buenos Aires :
Name of producer, publisher, distributor, manufacturer Depalma
Date of production, publication, distribution, manufacture, or copyright notice 1972
300 ## - PHYSICAL DESCRIPTION
Extent xxi, 426 p.
Dimensions 22 cm.
505 ## - FORMATTED CONTENTS NOTE
Formatted contents note 1. Ciencia de las finanzas y actividad financiera - 2. Los gastos públicos - 3. Los recursos del Estado - 4. Los tributos. El impuesto - 5. Los tributos (cont.). Las tasas. Las contribuciones especiales. Las contribuciones parafiscales - 6. Limitaciones al poder tributario - 7. Derecho financiero y derecho tributario - 8. Interpretación y aplicación de la Ley tributaria - 9. Derecho tributario material - 10. Derecho tributario formal - 11. Derecho tributario procesal - 12. Derecho penal tributario - 13. Sistema tributario - 14. Distribución de facultades tributarias en la Argentina. Finanzas provinciales y municipales - 15. Impuesto a la renta - 16. Impuesto inmobiliario - 17. Impuesto al mayor valor - 18. Impuesto a los actos jurídicos. Mutuaciones y trasmisiones patrimoniales de bienes muebles e inmueble. Impuesto de Justicia. Impuesto al parque automotor - 19. Impuesto a la trasmisión gratuita de bienes. Impuesto sustitutivo del gravamen a la trasmisión gratuita de bienes - 20. Impuestos aduaneros - 21. Impuestos internos - 22. Impuesto a las ventas - 23. Impuesto a las actividades lucrativas. Impuesto al aprendizaje industrial - 24. El crédito público - 25. El crédito público (cont.) - 26. El presupuesto - 27. El presupuesto (cont.) - 28. Política financiera y política fiscal
590 ## - LOCAL NOTE (RLIN)
Local note niveau_biblio:m niveau_hierar:0
942 ## - ADDED ENTRY ELEMENTS (KOHA)
Koha item type
Existencias
Withdrawn status Lost status Damaged status Not for loan Home library Current library Shelving location Date acquired Total checkouts Full call number Barcode Date last seen Price effective from Koha item type
        Biblioteca Prof. Eusebio Cleto del Rey Biblioteca Prof. Eusebio Cleto del Rey   07/04/2026   336.2 V728 L23832 07/04/2026 07/04/2026 Libro
        Biblioteca Prof. Eusebio Cleto del Rey Biblioteca Prof. Eusebio Cleto del Rey   07/04/2026   336.2 V728 L23833 07/04/2026 07/04/2026 Libro
        Biblioteca Prof. Eusebio Cleto del Rey Biblioteca Prof. Eusebio Cleto del Rey   07/04/2026   336.2 V728 L23831 07/04/2026 07/04/2026 Libro